[Event "Laval op"]
[Site "Laval"]
[Date "2019.06.23"]
[Round "4"]
[White "Tomb, Maroun"]
[Black "Page, Dany"]
[Result "1/2-1/2"]
[WhiteElo "2105"]
[BlackElo "1537"]
[PlyCount "44"]
[EventDate "2019.06.21"]
[EventType "swiss"]
[EventRounds "5"]
[EventCountry "CAN"]
[SourceTitle "CBM 191 Extra"]
[Source "ChessBase"]
[SourceDate "2019.09.30"]
[SourceVersion "1"]
[SourceVersionDate "2019.09.30"]
[SourceQuality "1"]

1. c4 e5 2. Nc3 Nc6 3. g3 g6 4. Bg2 Bg7 5. e3 Nge7 6. Nge2 d6 7. 0-0 0-0 8. d4 f5 9. f4 e4 10. d5 Nb4 11. Bd2 a5 12. a3 Nd3 13. Rb1 c6 14. b4 cxd5 15. cxd5 axb4 16. axb4 Bd7 17. Qb3 Qb6 18. h3 Ra6 19. Nc1 Nxc1 20. Rfxc1 Rfa8 21. b5 Ra3 22. Qb4 Be8 1/2-1/2

[Event "Laval op"]
[Site "Laval"]
[Date "2019.06.22"]
[Round "3"]
[White "Zheng, Richard"]
[Black "Page, Dany"]
[Result "1-0"]
[WhiteElo "1993"]
[BlackElo "1537"]
[PlyCount "52"]
[EventDate "2019.06.21"]
[EventType "swiss"]
[EventRounds "5"]
[EventCountry "CAN"]
[SourceTitle "CBM 191 Extra"]
[Source "ChessBase"]
[SourceDate "2019.09.30"]
[SourceVersion "1"]
[SourceVersionDate "2019.09.30"]
[SourceQuality "1"]

1. b3 e5 2. Bb2 Nc6 3. e3 f5 4. Bb5 d6 5. d4 Bd7 6. Nf3 e4 7. Nfd2 Nf6 8. Bxc6 Bxc6 9. c4 d5 10. Nc3 Bd6 11. c5 Be7 12. b4 b6 13. b5 Bxb5 14. Nxb5 bxc5 15. dxc5 Rb8 16. Bxf6 Bxf6 17. Nd4 Qd7 18. Rb1 Rxb1 19. Qxb1 0-0 20. Qb4 Be7 21. c6 Qd8 22. Qb3 Qd6 23. g3 Kh8 24. Qc3 Bf6 25. N2b3 Qa3 26. Qc5 Qxc5 1-0

[Event "Kingston Easter U1900"]
[Site "Kingston"]
[Date "2019.04.20"]
[Round "5.36"]
[White "Srinivas, Atharva"]
[Black "Page, Dany"]
[Result "1-0"]
[WhiteElo "1683"]
[BlackElo "1740"]
[PlyCount "49"]
[EventDate "2019.04.18"]
[EventType "swiss"]
[EventRounds "9"]
[EventCountry "CAN"]
[SourceTitle "EXT 2022"]
[Source "ChessBase"]
[SourceDate "2021.10.06"]
[SourceVersion "1"]
[SourceVersionDate "2021.10.06"]
[SourceQuality "1"]

1. e4 c5 2. Nc3 Nc6 3. f4 g6 4. Nf3 Bg7 5. Bb5 e6 6. Bxc6 bxc6 7. d3 Ne7 8. 0-0 d5 9. Qe1 Rb8 10. Qf2 d4 11. Ne2 0-0 12. Qg3 Ba6 13. b3 c4 14. bxc4 Bxc4 15. e5 Nf5 16. Qf2 Ba6 17. Nexd4 Ne7 18. Ba3 Rc8 19. Bc5 Qd7 20. Nb3 Rfd8 21. Bxa7 Nd5 22. Bd4 Ra8 23. g3 Qe8 24. Nfd2 Bf8 25. Ne4 1-0

[Event "Montreal Noel op"]
[Site "Montreal"]
[Date "2018.12.30"]
[Round "5"]
[White "Chang, Alexander Rz"]
[Black "Page, Dany"]
[Result "1-0"]
[WhiteElo "1704"]
[BlackElo "1569"]
[PlyCount "47"]
[EventDate "2018.12.26"]
[EventType "swiss"]
[EventRounds "5"]
[EventCountry "CAN"]
[SourceTitle "CBM 188 Extra"]
[Source "ChessBase"]
[SourceDate "2019.02.26"]
[SourceVersion "1"]
[SourceVersionDate "2019.02.26"]
[SourceQuality "1"]

1. e4 c5 2. Nf3 d6 3. d4 cxd4 4. Nxd4 Nf6 5. Nc3 a6 6. Bg5 e6 7. f4 h6 8. Bxf6 Qxf6 9. Qd2 Nd7 10. 0-0-0 Qd8 11. g4 Be7 12. Kb1 Nc5 13. f5 Bd7 14. Bg2 Qa5 15. h4 0-0-0 16. Nd5 Qxd2 17. Nxe7+ Kb8 18. Rxd2 Rhe8 19. fxe6 Rxe7 20. exd7 Nxe4 21. Re2 d5 22. Bxe4 dxe4 23. Rhe1 Rexd7 24. c3 1-0

[Event "Granby"]
[Site "Granby"]
[Date "2018.11.24"]
[Round "3.8"]
[White "Page, Dany"]
[Black "Nunez, Omar"]
[Result "1/2-1/2"]
[WhiteElo "1624"]
[BlackElo "1948"]
[PlyCount "27"]
[EventDate "2018.11.23"]
[EventType "swiss"]
[EventRounds "5"]
[EventCountry "CAN"]
[SourceTitle "EXT 2022"]
[Source "ChessBase"]
[SourceDate "2021.10.06"]
[SourceVersion "1"]
[SourceVersionDate "2021.10.06"]
[SourceQuality "1"]

1. b3 f5 2. Bb2 Nf6 3. Nf3 g6 4. e3 Bg7 5. Be2 0-0 6. c4 d6 7. d4 Ne4 8. Nbd2 Nxd2 9. Qxd2 e6 10. 0-0 Nd7 11. Rfd1 Nf6 12. Qc2 b6 13. Rac1 Ne4 14. Nd2 1/2-1/2

[Event "Laval op"]
[Site "Laval"]
[Date "2018.06.23"]
[Round "2"]
[White "Page, Dany"]
[Black "Steinberg, Ellis"]
[Result "0-1"]
[WhiteElo "1510"]
[BlackElo "1699"]
[PlyCount "75"]
[EventDate "2018.06.22"]
[EventType "swiss"]
[EventRounds "5"]
[EventCountry "CAN"]
[SourceTitle "CBM 185 Extra"]
[Source "ChessBase"]
[SourceDate "2018.07.29"]
[SourceVersion "1"]
[SourceVersionDate "2018.07.29"]
[SourceQuality "1"]

1. e4 g6 2. d4 d6 3. f3 Bg7 4. c4 Nf6 5. Nc3 b6 6. Be3 Bb7 7. Qd2 h5 8. Bd3 c5 9. d5 Nbd7 10. f4 Ng4 11. Nf3 Nxe3 12. Qxe3 Qc7 13. 0-0 a6 14. Qd2 0-0-0 15. Rab1 Kb8 16. b4 cxb4 17. Ne2 Nc5 18. Bc2 a5 19. Ned4 Bxd4+ 20. Nxd4 Nd7 21. Ba4 Ka8 22. Kh1 Rc8 23. Rbc1 Nc5 24. Bc2 Ba6 25. Qe2 Qd7 26. Bd1 Na4 27. Bxa4 Qxa4 28. Nc6 Rc7 29. Qb2 Rhc8 30. Rf3 Bxc4 31. Qd4 Bb5 32. Qxb6 Bxc6 33. dxc6 Rxc6 34. Rxc6 Qd1+ 35. Qg1 Qxg1+ 36. Kxg1 Rxc6 37. a3 Rc3 38. Rxc3 0-1

[Event "Quebec op U1700"]
[Site "Montreal"]
[Date "2016.07.24"]
[Round "3.14"]
[White "Duplessis, Claude"]
[Black "Page, Dany"]
[Result "1/2-1/2"]
[WhiteElo "1516"]
[BlackElo "1291"]
[PlyCount "60"]
[EventDate "2016.07.23"]
[EventType "swiss"]
[EventRounds "8"]
[EventCountry "CAN"]
[SourceTitle "EXT 2022"]
[Source "ChessBase"]
[SourceDate "2021.10.06"]
[SourceVersion "1"]
[SourceVersionDate "2021.10.06"]
[SourceQuality "1"]

1. e4 c5 2. Nc3 Nc6 3. d3 g6 4. g3 Bg7 5. Bg2 d6 6. Be3 Rb8 7. Nge2 b5 8. Qd2 b4 9. Nd1 Nd4 10. 0-0 Nxe2+ 11. Qxe2 e6 12. Qd2 Ne7 13. c3 a5 14. Bh6 0-0 15. Bxg7 Kxg7 16. f4 Bb7 17. Ne3 f5 18. g4 Qd7 19. g5 Bc6 20. Qf2 Rbd8 21. Qh4 Qb7 22. Qh6+ Kg8 23. Nc4 Qa8 24. Rad1 Qa6 25. Qh3 Bb5 26. exf5 Nxf5 27. b3 Bxc4 28. dxc4 Qc8 29. Rf2 Rde8 30. Qd3 Qd7 1/2-1/2